Language politics and public sphere in North India: (Record no. 152348)

MARC details
000 -LEADER
fixed length control field 00703nam a22001937a 4500
005 - DATE AND TIME OF LATEST TRANSACTION
control field 20180529172112.0
010 ## - LCCN (DPL NO)
LC control number ENG-123124
020 ## - INTERNATIONAL STANDARD BOOK NUMBER
International Standard Book Number 9780199479344
Terms of availability 1195.00
035 ## - SYSTEM CONTROL NUMBER
System control number EN-106656
037 ## - SOURCE OF ACQUISITION
Source of stock number/acquisition DBAD/PUB.
082 ## - DEWEY DECIMAL CLASSIFICATION NUMBER
Classification number 491.4547
100 ## - MAIN ENTRY--PERSONAL NAME
Personal name Jha, Mithilesh Kumar
245 ## - TITLE STATEMENT
Title Language politics and public sphere in North India:
Statement of responsibility, etc by Mithilesh Kumar Jha
Remainder of title making of the Maithili movement /
260 ## - PUBLICATION, DISTRIBUTION, ETC. (IMPRINT)
Place of publication, distribution, etc New Delhi
Name of publisher, distributor, etc Oxford University Press
Date of publication, distribution, etc 2018
270 ## - ADDRESS
Address 2/11Ground Floor, Ansari Road,Dariyaganj,
City New Delhi
Postal code 110002
300 ## - PHYSICAL DESCRIPTION
Extent xvii, 341p.
Other physical details 22cm(Hb)
500 ## - GENERAL NOTE
General note It Includes appendix, bibliographical references and index
942 ## - ADDED ENTRY ELEMENTS (KOHA)
Source of classification or shelving scheme Dewey Decimal Classification
Item type English Books
Classification part 491.4547
Call number suffix JHA
Holdings
Withdrawn status Lost status Not for loan Collection code Home library Current library Date acquired Source of acquisition Cost, normal purchase price Full call number Barcode Copy number Cost, replacement price Koha item type
    Not For Loan Non-fiction D.B.Act.Division Bawana 29/05/2018 DBAD/PUB 1195.00 491.4547 JHA EN-106656 1 1195.00 English Books

© Delhi Public Library
Hit Counter
free hit counter